Trends in practical applications of agents and multiagent systems : (رقم التسجيلة. 24192)

تفاصيل مارك
000 -الفاتح
حقل البيانات ثابتة الطول 01227cam a2200265 a 4500
001 - رقم الضبط
رقم الضبط 16115897
003 - محدد رقم الضبط
رقم الضبط OSt
005 - وقت وتاريخ اخر تعامل مع التسجيلة
رقم الضبط 20150408114045.0
008 - عناصر البيانات ثابتة الطول - معلومات عامة
حقل البيانات ثابتة الطول 100303s2010 gw a b 100 0 eng
020 ## - الرقم الدولى المعيارى للكتب
الرقم الدولى المعيارى للكتاب 9783642124327 (alk. paper : pbk.)
040 ## - مصدر الفهرسة
وكالة النسخ MU
082 ## - رقم تصنيف ديوى العشرى
رقم الطبعة 21
رقم التصنيف 006.3
رقم المادة I N C
111 2# - المدخل الرئيسى - اسم مؤتمر
اسم المؤتمر أو اسم السلطة كمدخل International Conference on Practical Applications of Agents and Multiagent Systems
رقم جزء/قسم/الاجتماع (8th :
تاريخ الاجتماع 2010 :
موقع المؤتمر University of Salamanca, Spain)
9 (RLIN) 15992
245 10 - بيان العنوان
العنوان Trends in practical applications of agents and multiagent systems :
بقية العنوان 8th International Conference on Practical Applications of Agents and Multiagent Systems /
بيان المسئوليه,etc Yves Demazeau ...[et al.]., (eds.).
260 ## - PUBLICATION, DISTRIBUTION, ETC. (IMPRINT)
مكان الناشر او الموزع Berlin :
اسم الناشر او الموزع Springer,
تاريخ النشر أو التوزيع c2010.
300 ## - الوصف المادى
التعداد xxi, 734 p. :
تفاصيل ماديه اخرى للوعاء ill. (some col.) ;
أبعاد الوعاء 24 cm.
490 0# - بيان السلسلة
عنوان السلسلة Advances in intelligent and soft computing,
الرقم الدولى المعيارى للدوريات 1615-3871 ;
رقم المجلد/ التعيين التسلسلي 71
504 ## - تبصرة ببليوجرافية
تبصرة ببليوجرافية,الخ Includes bibliographical references.
650 #0 - المدخل الاضافى بالموضوع-مصطلح موضوعى
مصطلح موضوعي أو اسم جغرافي كعنصر مدخل Intelligent agents (Computer software)
التقسيم الفرعي الشكلي Congresses.
650 #0 - المدخل الاضافى بالموضوع-مصطلح موضوعى
مصطلح موضوعي أو اسم جغرافي كعنصر مدخل Artificial intelligence
التقسيم الفرعي الشكلي Congresses.
700 1# - المدخل الاضافى - اسم شخصى
الإسم الشخصى Demazeau, Yves.
9 (RLIN) 15993
906 ## - عنصر بيانات محلى F, LDF (RLIN)
a 7
b cbc
c orignew
d 2
e epcn
f 20
g y-gencatlg
942 ## - عناصر المدخل الإضافي( كوها)
مصدر التصنيف او مخطط الترفيف Dewey Decimal Classification
Koha [default] item type DVD
المقتنيات
حالة الفقد نموذج السعر الفعال حالة تلف ليس للاعارة رقم الطلب رقم النسخة تاريخ الاكتساب الموقع الحالي الباركود الفرع الرئيسي Date last seen نوع المادة فى نظام كوها مصدر التصنيف او خطة الترفيف Total Checkouts
  2013-03-10     006.3 I N C c1 2012-06-23 المكتبة المركزية بالمجمعة (CL) 00109785 المكتبة المركزية بالمجمعة (CL) 2013-03-10 كتاب Dewey Decimal Classification  
  2013-03-10     006.3 I N C c.2 2012-06-23 المكتبة المركزية بالمجمعة (CL) 00109786 المكتبة المركزية بالمجمعة (CL) 2013-03-10 كتاب Dewey Decimal Classification  
  2013-03-10     006.3 I N C c.3 2012-06-23 المكتبة المركزية بالمجمعة (CL) 00109787 المكتبة المركزية بالمجمعة (CL) 2013-03-10 كتاب Dewey Decimal Classification